000 01064nam a2200289Ia 4500
003 OSt
005 20221007123332.0
006 a|||||r|||| 00| 0
007 ta
008 221006b |||||||| |||| 00| 0 eng d
020 _a9814066478 (pbk)
_cRs.395.00
024 _a8177
037 _bOverseas,
_cTextual
040 _aPAPL
_cPAPL
_beng
041 _2eng
_aeng
082 _aC21, L6;2
100 _aAshcroft Neil W
_9474886
245 0 _aSolid state physics by Neil W Ashcroft and N David Mermin
_b Mermin N David
260 _aSingapore
_bHarcourt Asia Pte Ltd
_c1976
300 _axxi,826p
_ccm.
500 _aAppendix A-P, 757-797p; Index 799-826p; ^n23/CSL/Carpa/00-01/OTSG/771^d2001-03-30^mPurhcase; ; 2000-2001/863^b2001-03-30^c1088^d2001-03-30^eRs.1,066.50^fOverseas Press (India)Pvt Ltd; ; 2001-08-01^bSB^c2001-08-01^dRPS
650 _a Solid state
650 _aPhysics
700 _a Mermin N David
_9474887
942 _hC21, L6;2
_cTEXL
_2CC
999 _c1211713
_d1211713